El Acceso a la información pública en México: tranparencia y combate a la corrupción /
El objetivo de este artículo es hacer una revisión y mostrar los avances y los retos de los dos últimos años en materia de transparencia y acceso a la información pública en México
Uloženo v:
| Hlavní autor: | |
|---|---|
| Další autoři: | |
| Médium: | Text |
| Témata: | |
| Tagy: |
Přidat tag
Žádné tagy, Buďte první, kdo vytvoří štítek k tomuto záznamu!
|
MARC
| LEADER | 00000 a a2200000 04500 | ||
|---|---|---|---|
| 001 | 10757 | ||
| 003 | |||
| 040 | |||
| 100 | |a Arzt, Sigrid | ||
| 245 | |a El Acceso a la información pública en México: |b tranparencia y combate a la corrupción / |c Sigrid Arzt | ||
| 520 | |a El objetivo de este artículo es hacer una revisión y mostrar los avances y los retos de los dos últimos años en materia de transparencia y acceso a la información pública en México | ||
| 650 | |a CORRUPCION | ||
| 650 | |a ACCESO A LA INFORMACION | ||
| 650 | |a ADMINISTRACION PUBLICA | ||
| 650 | |a SANCIONES PENALES | ||
| 700 | |a Mena, Amalia | ||
| 773 | |g número 194; páginas 105-118 | ||
| 999 | |c 25094 |d 25094 | ||
